tvd castt - Statistics

General Stats
  • This quiz has been taken 392 times
  • The average score is 12 of 15
Answer Stats
Hint Answer % Correct
ian somerhalder damon salvatore
99%
paul wesley stefan salvatore
98%
nina dobrev elena gilbert
97%
candice accola caroline forbes
93%
kat graham bonnie bennett
87%
joseph morgan klaus mikaelson
83%
zach roerig matt donovan
80%
michael trevino tyler lockwood
80%
daniel gillies elijah mikaelson
78%
steven r. mcqueen jeremy gilbert
77%
matthew davis alaric saltzman
75%
claire holt rebekah mikaelson
75%
chris wood kai parker
59%
phoebe tonkin hayley marshall
54%
michael malarkey enzo st. john
53%
No matching quizzes found
Score Distribution
Percent of People with Each Score
Percentile by Number Answered
Your Score History
You have not taken this quiz